|
|
|
|
| LEADER |
01170nam a2200337 4500 |
| 001 |
000009410 |
| 003 |
5607 |
| 005 |
20111027151040.0 |
| 008 |
111027s2003 viesd |
| 020 |
|
|
|c 32000đ
|
| 041 |
0 |
|
|a vie
|
| 082 |
|
|
|a 796.342
|b ĐA-C
|
| 100 |
0 |
|
|a Đào Chí Cường
|
| 245 |
|
0 |
|a Tennis căn bản - Chiến thuật phương pháp huấn luyện
|c Đào Chí Cường (chủ biên), Nguyễn Toán(Biên dịch)
|
| 260 |
|
|
|a TP.Hồ Chí Minh
|b Thể dục thể thao
|c 2003
|
| 300 |
|
|
|a 309tr.
|c 19 cm
|
| 653 |
|
|
|a Tennis
|
| 653 |
|
|
|a Chiến thuật
|
| 653 |
|
|
|a Phương pháp huấn luyện
|
| 700 |
|
|
|a Nguyễn Toán
|e Biên dịch
|
| 910 |
|
|
|a Võ Quang Huy
|d 27/102011
|
| OWN |
|
|
|a LSP
|
| AVA |
|
|
|a UDN50
|b LSP
|d 796.342 ĐA-C
|e available
|t Error 5001 Not defined in file expand_doc_bib_avail.
|f 5
|g 0
|h N
|i 0
|k 1
|
| 999 |
|
|
|a From the UDN01
|
| AVA |
|
|
|a UDN50
|b LSP
|d 796.342 ĐA-C
|e available
|t Error 5001 Not defined in file expand_doc_bib_avail.
|f 5
|g 0
|h N
|i 0
|k 1
|
| TYP |
|
|
|a Monograph
|
| TYP |
|
|
|a Printed language
|
| 980 |
|
|
|a Mạng thư viện Đại học Đà Nẵng
|